Normal view
MARC view
Entry Topical Term
001 - CONTROL NUMBER
- control field: 653425
003 - CONTROL NUMBER IDENTIFIER
- control field: OSt
005 - DATE AND TIME OF LATEST TRANSACTION
- control field: 20221006145044.0
008 - FIXED-LENGTH DATA ELEMENTS
- fixed length control field: 221006|| aca||aabn | a|a d
040 ## - CATALOGING SOURCE
- Original cataloging agency: OSt
- Transcribing agency: OSt
150 ## - HEADING--TOPICAL TERM
- Topical term or geographic name entry element: Western threat and the Response of Wei Yuan
670 ## - SOURCE DATA FOUND
- Source citation: Work cat.: (OSt)1081719: LEONARD Jane Kate 652950, Wei Yuan and the Hai-Kuo T'u-Chih, 1971
